National sample survey Jan-Dec 2013 (Record no. 694427)

MARC details
000 -LEADER
fixed length control field 00808nam a2200229Ia 4500
003 - CONTROL NUMBER IDENTIFIER
control field OSt
005 - DATE AND TIME OF LATEST TRANSACTION
control field 20220927105743.0
008 - FIXED-LENGTH DATA ELEMENTS--GENERAL INFORMATION
fixed length control field 220926b |||||||| |||| 00| 0 eng d
037 ## - SOURCE OF ACQUISITION
Terms of availability Reference Collections
040 ## - CATALOGING SOURCE
Original cataloging agency RTL
Transcribing agency RTL
Language of cataloging eng
041 ## - LANGUAGE CODE
Source of code eng
Language code of text/sound track or separate title eng
100 ## - MAIN ENTRY--PERSONAL NAME
Personal name STATISTICS & PROGRAMME IMPLEMENTATION (M/o-)
9 (RLIN) 374771
245 #0 - TITLE STATEMENT
Title National sample survey Jan-Dec 2013
Remainder of title " 70th Round, key indicators of land and livestock holdings in india"
260 ## - PUBLICATION, DISTRIBUTION, ETC.
Place of publication, distribution, etc. New
Name of publisher, distributor, etc. "delhi, Govt of india "
Date of publication, distribution, etc. 2014
490 ## - SERIES STATEMENT
Series statement CFM-MHE Professional in Finance
942 ## - ADDED ENTRY ELEMENTS (KOHA)
Classification part "Sigma sn2,P13, Q4/GD"
Koha item type
Holdings
Withdrawn status Lost status Damaged status Not for loan Home library Current library Date acquired Total Checkouts Full call number Barcode Date last seen Price effective from Koha item type
        Ratan Tata Library Ratan Tata Library 2022-09-27   "Sigma sn2,P13 Q4/GD" RT1456549 2022-09-27 2022-09-27  
Copyright @ Delhi University Library System